000 00796nam a22002175i 4500
001 164686
003 ES-MaACL
005 20230906213000.0
008 050803s1855 fr | |||||||| ||fre d
040 _aCAM
_bspa
_cCAM
100 1 _aSand, George,
_d1804-1876
_9103060
245 1 0 _a[Spiridion /
_cGeorge Sand].
260 _a[Paris :
_bLibrairie Blanchard :
_bLibrairie Maresq et cie,
_cs.a.] (
_eParis :
_fTypographie J. Claye)
300 _a72 p. :
_bil. ;
_c29 cm.
594 _aTit. y ed. tomados de encabezamiento en pag.1.
594 _aPrelim. firmados por George Sand y fechados en 1855.
596 _aEl imp. consta en pie de pág. 1.
597 _aTexto a dos col.
852 _aES-MaACL
_jFol-Laf-7
_z-- Sin enc.
_z-- Legado M. de la Fuente
999 _c164686
_d164686